| 000 | 00453nam a2200169Ia 4500 | ||
|---|---|---|---|
| 008 | 100601t1977 xxu||||| |||| 00| 0 sin d | ||
| 041 | _asin | ||
| 080 |
_aX8S31 _bSIR |
||
| 100 | _aSiriwardana, Ileen | ||
| 245 | _aවෙරළෙන් සයුරට | ||
| 246 | _aWeralen Saurata 27 | ||
| 260 |
_bGunasena _aColombo _c1977 _c1991 _c2000 _c2003 |
||
| 300 | _a164p., 21 cm | ||
| 942 | _cBK | ||
| 999 |
_c74132 _d74132 |
||
| 003 | LK-CoDNM | ||
| 040 |
_aLK-CoDNM _dLK-CoDNM _eLK-CoDNM |
||